LEADER 04839nam 2200421 450 001 9910136729803321 005 20230803015449.0 010 $a3-86489-517-0 035 $a(CKB)3710000000908330 035 $a(MiAaPQ)EBC4761761 035 $a5cb46302-a288-4b0b-8354-466eb0dd2d03 035 $a(EXLCZ)993710000000908330 100 $a20170228h20132013 uy 0 101 0 $ager 135 $aurcnu|||||||| 181 $2rdacontent 182 $2rdamedia 183 $2rdacarrier 200 10$aBrandt aktuell $eTreibjagd auf ein Hoffnungstrager /$fAlbrecht Muller 205 $a1. Aufl. 210 1$aFrankfurt am Main, [Germany] :$cWestend,$d2013. 210 4$d©2013 215 $a1 online resource (116 pages) $cillustrations 300 $aPublicationDate: 20131210 311 $a3-86489-064-0 320 $aIncludes bibliographical references. 327 $tWarum dieses Buch? --$tEin Jahrhundertpolitiker --$tVon der Kurpfalz u?ber Mu?nchen nach Bonn --$tParteifreunde und andere Feinde --$tSchicksalsjahr 72 : Triumph und Niedergang --$t"Die wollen gar nicht gewinnen" --$tEin harter Kampf : fu?r Brandt und die SPD --$tEin totgeschwiegener Putschversuch --$tDer eine sa?t, die anderen ernten --$tDer ungeliebte Konkurrent --$tWehner, der illoyale Machtmensch --$tSchmidt, die Fu?hrungsperso?nlichkeit --$tU?ble Nachrede --$tTotschlagargument Depression --$tBrandt, der Teilkanzler? --$tErfolglos im Inneren? --$tMythos Linksruck --$tDas wahre Erbe Willy Brandts --$tPolitisierung --$tMehr Demokratie wagen --$tBrandt, der gute Deutsche --$t"Nicht der Krieg, der Frieden ist der Vater aller Dinge" --$tGegen den Herrschaftsanspruch der finanzstarken Oberschicht --$tSolidarita?t statt Egoismus --$tDer Integrator --$tDie pra?gende Kraft des guten Vorbildes --$gAnmerkungen --$gLiteratur --$gDokumentation --$tDie Planung des Wahlkampfes 1972 --$tDer Putschversuch des Grossen Geldes mit unza?hligen anonymen Anzeigen --$gDanke vielmals --$gZum Umschlagfoto und zum Fotografen. 330 $aLong description: Der letzte Glücksfall für Deutschland Kanzler Adenauer lästerte öffentlich über Brandts uneheliche Geburt, Helmut Schmidt mäkelte unentwegt an ihm herum, Herbert Wehner diktierte in Moskau den Journalisten in den Block, Brandt bade gerne lau, die Rechte verleumdete ihn. Dieser üblen Treibjagd ist Willy Brandt erlegen. Viel zu früh. Was wir heute noch von diesem Hoffnungsträger lernen könnten, zeigt Albrecht Müller, der für Brandts Wahlkampf verantwortlich war und einer der letzten Zeitzeugen ist. Gegen Willy Brandt lief Zeit seines Lebens eine Kampagne seiner politischen Gegner - mit üblen Methoden. Er wurde trotzdem Bundeskanzler. Als sich einige seiner Parteifreunde dieser Hatz anschlossen, war er erledigt. Der Autor Albrecht Müller war 1972 verantwortlich für den Wahlkampf Willy Brandts und dann Leiter der Planungsabteilung im Bundeskanzleramt bei Willy Brandt und Helmut Schmidt. Er hat die Treibjagd auf Brandt hautnah miterlebt. Für Albrecht Müller ist klar: Trotz seiner nur viereinhalbjährigen Amtszeit als Bundeskanzler, hat Willy Brandt uns viel Gutes hinterlassen. Er war der Hoffnungsträger, dessen politische Botschaften und Methoden uns heute noch fehlen. 330 $aQuote: In seinem Buch beschreibt Müller nun einerseits, wie politische Gegner und einige Medien, aber auch Parteifreunde systematisch gegen den Kanzler arbeiteten und intrigierten. Andererseits will er aber auch deutlich machen, was wir noch heute von Willy Brandt lernen können. WDR3 Resonanzen, 18.12.2013 Müller schreibt, wie er redet: klar und mit Emphase. ? Sein Buch gibt einen Einblick, wie alle Parteien im Guten und im Schlechten funktionieren. Franziska Augstein, Süddeutsche Zeitung, 18.12.2013 Kritisch guckt der ehemalige Wahlkampfmanager Albrecht Müller auf Brandts Amtszeit zurück. Deutschlandradio Kultur, 18.12.2013 Ein lesenswertes Buch. Hamburger Abendblatt, 17.12.2013 Müller erklärt, was dieser Kanzler anders gemacht hat. WAZ, 17.12.2013 Ein Buch, das Kontroversen auslösen könnte. BILD am Sonntag, 15.12.2013 Der Titel ?Brandt Aktuell' hält, was er verspricht. Willy Brandt ist heute in vieler Hinsicht brandaktuell. ? Sehr lesenswert! SR2, Sachbuch aktuell, 14.12.2013 Hochspannend, es liefert wichtige Korrekturen vieler eingeschliffener Urteile und ist damit ein unverzichtbarer Beitrag zur Geschichtsschreibung über Willy Brandt. NDR Info, 7.12.2013 Mit den Augen dessen, der dabei war, gibt Müller einen spannenden Einblick ins Innenleben der Bonner Republik. Vorwärts, 12/2013 676 $a943.087092 700 $aMu?ller$b Albrecht$0828121 801 0$bMiAaPQ 801 1$bMiAaPQ 801 2$bMiAaPQ 906 $aBOOK 912 $a9910136729803321 996 $aBrandt aktuell$92884921 997 $aUNINA LEADER 01573nas 2200565-a 450 001 9910132127403321 005 20260218113036.0 035 $a(CKB)110978979118033 035 $a(CONSER)sn-89036043- 035 $a(DE-599)ZDB2110384-7 035 $a(DE-599)2110384-7 035 $a(EXLCZ)99110978979118033 100 $a19890128a19879999 --- a 101 0 $aeng 181 $ctxt$2rdacontent 182 $cc$2rdamedia 183 $acr$2rdacarrier 200 04$aThe Canadian journal of diagnosis 210 $a[Pointe Claire, Quebec] $c[STA Communications]$d[1987]- 215 $a1 online resource 300 $aTitle from cover. 300 $aRefereed/Peer-reviewed 311 08$a0839-1866 517 1 $aDiagnosis 531 $aCANADIAN JOURNAL OF DIAGNOSIS 531 0 $aCan. j. diagn. 606 $aDiagnosis$vPeriodicals 606 $aDiagnosis 606 $aDiagnosis 606 $aDiagnostics$xP?iodiques 606 $aDiagnostics$vPériodiques 606 $aDiagnostics 606 $adiagnosis$2aat 606 $aDiagnosis$2fast$3(OCoLC)fst00892273 608 $aPeriodical. 608 $aPeriodicals.$2fast 615 0$aDiagnosis 615 0$aDiagnosis. 615 2$aDiagnosis. 615 6$aDiagnostics$xP?iodiques. 615 6$aDiagnostics 615 6$aDiagnostics. 615 7$adiagnosis. 615 7$aDiagnosis. 676 $a616.07/5/05/ 906 $aJOURNAL 912 $a9910132127403321 920 $aexl_impl conversion 996 $aThe Canadian journal of diagnosis$92098054 997 $aUNINA